Gorilita / (Record no. 19425)

MARC details
000 -LEADER
fixed length control field 01081cam a2200337 i 4500
001 - CONTROL NUMBER
control field sky217969114
003 - CONTROL NUMBER IDENTIFIER
control field SKY
005 - DATE AND TIME OF LATEST TRANSACTION
control field 20180421135948.0
008 - FIXED-LENGTH DATA ELEMENTS--GENERAL INFORMATION
fixed length control field 011126s1978 nyua j 00011 spa
020 ## - INTERNATIONAL STANDARD BOOK NUMBER
International Standard Book Number 9780618442140 (board book)
020 ## - INTERNATIONAL STANDARD BOOK NUMBER
International Standard Book Number 0618442146 (board book)
040 ## - CATALOGING SOURCE
Modifying agency SKYRV
Description conventions rda
Transcribing agency sjds
041 ## - LANGUAGE CODE
Language code of text/sound track or separate title spa
Language code of original eng
100 1# - MAIN ENTRY--PERSONAL NAME
Personal name Bornstein, Ruth.
245 10 - TITLE STATEMENT
Title Gorilita /
Statement of responsibility, etc. cuento y dibujos por Ruth Bornstein.
246 13 - VARYING FORM OF TITLE
Title proper/short title Little gorilla.
260 ## - PUBLICATION, DISTRIBUTION, ETC. (IMPRINT)
Place of publication, distribution, etc. New York, NY :
Name of publisher, distributor, etc. Clarion Books,
Date of publication, distribution, etc. 2004, c1978
264 #1 - PRODUCTION, PUBLICATION, DISTRIBUTION, MANUFACTURE, AND COPYRIGHT NOTICE
Place of production, publication, distribution, manufacture New York, NY :
Name of producer, publisher, distributor, manufacturer Clarion Books,
Date of production, publication, distribution, manufacture, or copyright notice [2004]
264 #4 - PRODUCTION, PUBLICATION, DISTRIBUTION, MANUFACTURE, AND COPYRIGHT NOTICE
Date of production, publication, distribution, manufacture, or copyright notice 1978.
300 ## - PHYSICAL DESCRIPTION
Extent 1 volume (unpaged) :
Other physical details color illustrations ;
Dimensions 11 x 13 cm.
336 ## - CONTENT TYPE
Content type term text
Content type code txt
Source rdacontent.
337 ## - MEDIA TYPE
Media type term unmediated
Media type code n
Source rdamedia.
338 ## - CARRIER TYPE
Carrier type term volume
Carrier type code nc
Source rdacarrier.
520 ## - SUMMARY, ETC.
Summary, etc. Little Gorilla's family and friends try to help him overcome his special growing pains.
650 #1 - SUBJECT ADDED ENTRY--TOPICAL TERM
Topical term or geographic name as entry element Friendship
Form subdivision Fiction.
650 #1 - SUBJECT ADDED ENTRY--TOPICAL TERM
Topical term or geographic name as entry element Gorilla
Form subdivision Fiction.
650 #1 - SUBJECT ADDED ENTRY--TOPICAL TERM
Topical term or geographic name as entry element Spanish language materials.
650 #1 - SUBJECT ADDED ENTRY--TOPICAL TERM
Topical term or geographic name as entry element Toddler book.
655 #0 - INDEX TERM--GENRE/FORM
Genre/form data or focus term Board books.
942 ## - ADDED ENTRY ELEMENTS (KOHA)
Koha item type Libro/Book
Source of classification or shelving scheme Dewey Decimal Classification
Holdings
Withdrawn status Lost status Damaged status Not for loan Home library Current library Date acquired Total Checkouts Barcode Date last seen Date checked out Price effective from Koha item type Source of classification or shelving scheme
        La Puerta Biblioteca -- Satellite Cristo Viene -- La Puerta Biblioteca Satellite 09/04/2018 8 40301610 07/04/2025 15/04/2021 09/04/2018 Libro/Book  
        Las Brisas 1 -- Satellite Las Brisas 1 -- Satellite 16/04/2018   40001532 16/04/2018   16/04/2018 Libro/Book Dewey Decimal Classification
        Las Brisas 2 -- Satellite Las Brisas 2 -- Satellite 16/04/2018   40101510 16/04/2018   16/04/2018 Libro/Book  
        Monte Cristo -- Satellite Monte Cristo -- Satellite 16/04/2018   40201527 16/04/2018   16/04/2018 Libro/Book  

Powered by Koha